000 00683nam a2200289Ia 4500
005 20260324123653.0
008 008 260324s9999 xx 000 0 eng d
020 _a9780203842553
037 _aEBOOK
040 _aCRL
040 _beng
040 _cCRL
041 _2eng
041 _aeng
084 _qCRL
100 _aGün R. Semin; Gerald Echterhoff
_91171198
245 0 _aGrounding Sociality
245 0 _bNeurons, Mind, and Culture
260 _bTaylor and Francis
260 _c2011
365 _a
365 _b230
856 _uhttp://www.taylorfrancis.com/books/9780203842553
942 _cEBOOK
999 _c1764923
_d1764923